000 00745cab a2200217 4500
001 WB2923-42
008 090401t1993 xxu||||| |||| 00| 0 eng d
035 _a(Sirsi) u54409
041 _aeng
245 _aForfeiture and insolvency
260 _c1993
350 _a0
490 _aEstates Gazette
_v(9323) 12 June 1993, 125(1)
520 _aDiscusses "Hockley Engineering Co Ltd v V & P Midlands Ltd" (Abs48661) which concerned a landlords right to forfeit on account of a tenant`s insolvency under Law of Property Act 1925 s146.
650 _aLAW OF PROPERTY ACT 1925 S146
650 _aRIGHT OF FORFEITURE
650 _aTENANTS INSOLVENCY
690 _aLANDLORD AND TENANT-BUSINESS TENANCIES
942 _n0
948 _c04/03/1997
999 _c33352
_d33352